000 00327nam a22000977a 4500
008 160606b xxu||||| |||| 00| 0 eng d
100 _aBooklet Pane Society
245 _a List of booklet panes of the world, as compiled to date by the Booklet Pane Society, May 1, 1944
260 _aNew York
_c1944
650 _aBooklets and Minipacks
999 _c2056
_d2056